Who Wants to be a BILLionaire? Quiz Stats

 Plays Quiz not verified by Sporcle

Also try: Pie
Challenge
Share
Tweet
Score 0/21 Timer 05:00
0 Plays Today
Question Answer % Correct
????
100%
????
92.4%
????
88.8%
????
87.6%
????
83.4%
????
78.3%
????
77.3%
????
50.9%
????
43.5%
????
38.1%
????
34.7%
Question Answer % Correct
????
29.4%
????
23.4%
????
18%
????
15.8%
????
12.6%
????
9.8%
????
8.7%
????
6%
????
4.5%
????
2.6%

You're not logged in!

Compare scores with friends on all Sporcle quizzes.
OR
Log In

You Might Also Like...

Show Comments

Extras

Editor's Pick Nov 8, 2011ReportNominate
Tags:Minefield Quiz, bill, billionaire, millionaire

Top Quizzes Today


Score Distribution

Your Account Isn't Verified!

In order to create a playlist on Sporcle, you need to verify the email address you used during registration. Go to your Sporcle Settings to finish the process.

Report this User

Report this user for behavior that violates our Community Guidelines.

Details: